000
00266nam a22001097a 4500
008
170125b xxu||||| |||| 00| 0 eng d
020
_a
084936664X
041
_a
eng
080
_a
61
245
_a
MATHEMATICAL METHODS FOR DNA SEQUENCES
_c
WATERMAN, M,S
942
_2
udc
_c
BK
999
_c
3698
_d
3698